Transylvanian cities in Hungarian - Statistics

General Stats
  • This quiz has been taken 29 times
  • The average score is 12 of 15
Answer Stats
Hint Answer % Correct
5. Arad Arad
100%
3. Brașov Brassó
100%
1. Cluj-Napoca Kolozsvár
100%
2. Timișoara Temesvár
100%
4. Oradea Nagyvárad
95%
7. Târgu Mureș Marosvásárhely
90%
6. Sibiu Nagyszeben
86%
14. Turda Torda
86%
11. Hunedoara Vajdahunyad
86%
13. Sfântu Gheorghe Sepsiszentgyörgy
81%
9. Satu Mare Szatmárnémeti
76%
15. Miercurea Ciuc Csíkszereda
67%
10. Bistrița Beszterce
62%
8. Baia Mare Nagybánya
62%
12. Zalău Zilah
52%
No matching quizzes found
Score Distribution
Percent of People with Each Score
Percentile by Number Answered
Your Score History
You have not taken this quiz